| 000 | 00487nam a2200109Ia 4500 | ||
|---|---|---|---|
| 008 | 171212s9999 xx 000 0 und d | ||
| 100 | _aCerully, Jennifer L.;Oguz, Mustafa;Krull, Heather;Giglio, Kate | ||
| 245 |
_cCerully, Jennifer L.;Oguz, Mustafa;Krull, Heather;Giglio, Kate _aHealth and Economic Outcomes Among the Alumni of the Wounded Warrior Project _b2013 |
||
| 260 |
_bRAND Corporation _c2014 |
||
| 650 | _aHealth Sciences | ||
| 856 | _uhttp://www.jstor.org/stable/10.7249/j.ctt7zvzh3 | ||
| 999 |
_c352131 _d352131 |
||